Eastern Utah Libraries Catalog: Duchesne, Heber, Roosevelt, & Vernal

Hitler's children (Record no. 280429)

MARC details
000 -LEADER
fixed length control field 04319cgm a2200721Ia 4500
001 - CONTROL NUMBER
control field ocn827336661
003 - CONTROL NUMBER IDENTIFIER
control field OCoLC
005 - DATE AND TIME OF LATEST TRANSACTION
control field 20200320191027.0
007 - PHYSICAL DESCRIPTION FIXED FIELD--GENERAL INFORMATION
fixed length control field vd cvaizq
008 - FIXED-LENGTH DATA ELEMENTS--GENERAL INFORMATION
fixed length control field 130212s2013 nyu083 e vlger d
020 ## - INTERNATIONAL STANDARD BOOK NUMBER
Terms of availability 15.95
024 1# - OTHER STANDARD IDENTIFIER
Standard number or code 616892184867
035 ## - SYSTEM CONTROL NUMBER
System control number (OCoLC)827336661
037 ## - SOURCE OF ACQUISITION
Source of stock number/acquisition Midwest Tape
Note http://www.midwesttapes.com
040 ## - CATALOGING SOURCE
Original cataloging agency TEFMT
Transcribing agency TEFMT
Modifying agency TEF
-- IFA
-- ZLM
-- WACOL
041 1# - LANGUAGE CODE
Language code of text/sound track or separate title ger
-- eng
-- heb
-- eng
Language code of original and/or intermediate translations of text ger
043 ## - GEOGRAPHIC AREA CODE
Geographic area code e-gx---
049 ## - LOCAL HOLDINGS (OCLC)
Holding library WACL
050 14 - LIBRARY OF CONGRESS CALL NUMBER
Classification number DD256.5
Item number .H58 2013
082 04 - DEWEY DECIMAL CLASSIFICATION NUMBER
Classification number 943.086
Edition number 23
092 ## - LOCALLY ASSIGNED DEWEY CALL NUMBER (OCLC)
Classification number DVD 943.086
Item number Hit
245 00 - TITLE STATEMENT
Title Hitler's children
Medium [videorecording] /
Statement of responsibility, etc The Jewish Film Club and Maya Productions ; in co-production with Saxonia Entertainment present ; producer [and] director, Chanoch Ze'evi.
246 1# - VARYING FORM OF TITLE
Display text At head of title:
Title proper/short title Film Movement presents
250 ## - EDITION STATEMENT
Edition statement Widescreen version.
260 ## - PUBLICATION, DISTRIBUTION, ETC. (IMPRINT)
Place of publication, distribution, etc [New York] :
Name of publisher, distributor, etc Film Movement,
Date of publication, distribution, etc [2013]
300 ## - PHYSICAL DESCRIPTION
Extent 1 videodisc (83 min.) :
Other physical details sd., col. ;
Dimensions 4 3/4 in.
490 1# - SERIES STATEMENT
Series statement Film Movement series
538 ## - SYSTEM DETAILS NOTE
System details note DVD, widescreen (16:9) presentation; region 1, NTSC.
546 ## - LANGUAGE NOTE
Language note German, English or Hebrew dialogue; English subtitles; closed-captioned.
500 ## - GENERAL NOTE
General note Title from container.
511 0# - PARTICIPANT OR PERFORMER NOTE
Participant or performer note Featuring: Niklas Frank, Bettina Goering, Katrin Himmler.
508 ## - CREATION/PRODUCTION CREDITS NOTE
Creation/production credits note Director of photography, Yoram Millo ; editor, Arik Lahav Leibovitz ; music, Ophir Leibovitch.
521 8# - TARGET AUDIENCE NOTE
Target audience note MPAA rating: Not rated.
520 ## - SUMMARY, ETC.
Summary, etc A look at the lives of the descendants of Hitler's top officials and how they are dealing with the legacy of their infamous relatives.
520 ## - SUMMARY, ETC.
Summary, etc "Adolf Hitler did not have children, but what of the families of Hermann Gring, Heinrich Himmler and Hans Frank, to name a few? What is it like for the descendants of these top Nazi officials to deal with the legacy left behind by their notorious families? HITLER'S CHILDREN introduces us to the children, grandchildren and nieces and nephews of these infamous men. Among them Niklas Frank, son of Hans Frank and godson of Hitler, who despises his father's past so much that he has spent his entire adult life researching and writing negatively about him, often touring around Germany to lecture against his father and the Nazi regime. And Bettina Gring, the great-niece of Hitler's second in command, Hermann Gring, who lives in voluntary exile in Santa Fe, NM and together with her brother decided to get sterilized so as to not pass on the Gring name or blood. These, and many others, discuss how they have coped with the fact that their last name alone immediately raises images of murder and genocide; and how they have reached a balance between the natural admiration and affection children feel towards their parents, and their innate revulsion of their crimes. Some have been more successful than others at achieving that balance, but each bares, for the first time, the scars that their legacy has left them." -- filmmovement.com
500 ## - GENERAL NOTE
General note Special feature: short film: Kun 65, directed by Tal Haim Yoffe.
600 10 - SUBJECT ADDED ENTRY--PERSONAL NAME
Personal name Frank, Niklas,
Dates associated with a name 1939-
9 (RLIN) 5878651
600 10 - SUBJECT ADDED ENTRY--PERSONAL NAME
Personal name Goering, Bettina.
9 (RLIN) 5878652
600 10 - SUBJECT ADDED ENTRY--PERSONAL NAME
Personal name Himmler, Katrin,
Dates associated with a name 1967-
9 (RLIN) 5878653
650 #0 - SUBJECT ADDED ENTRY--TOPICAL TERM
Topical term or geographic name as entry element Children of Nazis
Form subdivision Interviews.
9 (RLIN) 5878654
650 #0 - SUBJECT ADDED ENTRY--TOPICAL TERM
Topical term or geographic name as entry element Children of Nazis
Geographic subdivision Germany
General subdivision History.
9 (RLIN) 5878655
650 #0 - SUBJECT ADDED ENTRY--TOPICAL TERM
Topical term or geographic name as entry element National socialism
General subdivision Psychological aspects.
9 (RLIN) 101388
650 #0 - SUBJECT ADDED ENTRY--TOPICAL TERM
Topical term or geographic name as entry element Holocaust, Jewish (1939-1945)
General subdivision Psychological aspects.
9 (RLIN) 85378
650 #0 - SUBJECT ADDED ENTRY--TOPICAL TERM
Topical term or geographic name as entry element Conflict of generations
Geographic subdivision Germany.
9 (RLIN) 5878656
650 #0 - SUBJECT ADDED ENTRY--TOPICAL TERM
Topical term or geographic name as entry element Guilt.
9 (RLIN) 5878657
655 #7 - INDEX TERM--GENRE/FORM
Genre/form data or focus term Documentary films.
Source of term lcgft
9 (RLIN) 5878658
655 #7 - INDEX TERM--GENRE/FORM
Genre/form data or focus term Video recordings for the hearing impaired.
Source of term lcgft
9 (RLIN) 5878659
700 1# - ADDED ENTRY--PERSONAL NAME
Personal name Zeevi, Chanoch.
9 (RLIN) 5878660
700 1# - ADDED ENTRY--PERSONAL NAME
Personal name Frank, Niklas,
Dates associated with a name 1939-
9 (RLIN) 5878651
700 1# - ADDED ENTRY--PERSONAL NAME
Personal name Goering, Bettina.
9 (RLIN) 5878652
700 1# - ADDED ENTRY--PERSONAL NAME
Personal name Himmler, Katrin,
Dates associated with a name 1967-
9 (RLIN) 5878653
710 2# - ADDED ENTRY--CORPORATE NAME
Corporate name or jurisdiction name as entry element Jewish Film Club (Firm)
9 (RLIN) 5878661
710 2# - ADDED ENTRY--CORPORATE NAME
Corporate name or jurisdiction name as entry element Maya Productions.
9 (RLIN) 5878662
710 2# - ADDED ENTRY--CORPORATE NAME
Corporate name or jurisdiction name as entry element Saxonia Entertainment.
9 (RLIN) 5878663
710 2# - ADDED ENTRY--CORPORATE NAME
Corporate name or jurisdiction name as entry element Film Movement (Firm)
9 (RLIN) 69830
740 02 - ADDED ENTRY--UNCONTROLLED RELATED/ANALYTICAL TITLE
Uncontrolled related/analytical title Kun 65.
740 02 - ADDED ENTRY--UNCONTROLLED RELATED/ANALYTICAL TITLE
Uncontrolled related/analytical title Kun sixty-five.
830 #0 - SERIES ADDED ENTRY--UNIFORM TITLE
Uniform title Film Movement series.
9 (RLIN) 70219
942 ## - ADDED ENTRY ELEMENTS (KOHA)
Koha item type DVD
948 ## - LOCAL PROCESSING INFORMATION (OCLC); SERIES PART DESIGNATOR (RLIN)
Series part designator, SPT (RLIN) 04/10/2013
z (OCLC) Sirsi
994 ## -
-- 02
-- WACOL
996 ## -
-- 96807
-- 34301001147943
-- DVD
-- DVD
-- wcl
-- i
-- 17
-- 15.95
-- amazon
-- 943.086 Hit
-- 04/10/2013
-- 08/25/2018
-- 08/18/2018
Holdings
Withdrawn status Lost status Source of classification or shelving scheme Damaged status Not for loan Collection code Home library Current library Shelving location Date acquired Source of acquisition Cost, normal purchase price Total Checkouts Full call number Barcode Date last seen Date checked out Cost, replacement price Price effective from Koha item type
    Dewey Decimal Classification     Movies Wasatch County Library Wasatch County Library Audio Visual Area 04/10/2013 Amazon 15.95 18 DVD 943.086 Hit 34301001147943 03/07/2024 03/25/2022 15.95 03/20/2020 DVD
This project was made possible through a grant from the Institute of Museum and Library Service administered by the Utah State Library Division.

Wasatch County Library

  • 465 East 1200 South, Heber City, Utah 84032
  • Phone 435-654-1511 | Fax 435-654-6456

Hours

  • Monday - Friday 9:30 AM - 8:00 PM
  • Saturday 9:30 AM - 1:30 PM
  • Closed Sundays and Holidays